Kannadacho teesa kaniyo (Record no. 215809)

MARC details
000 -LEADER
fixed length control field 00712nam a2200217Ia 4500
003 - CONTROL NUMBER IDENTIFIER
control field OSt
005 - DATE AND TIME OF LATEST TRANSACTION
control field 20251125162125.0
008 - FIXED-LENGTH DATA ELEMENTS--GENERAL INFORMATION
fixed length control field 210719s2015 xx 000 0 und d
040 ## - CATALOGING SOURCE
Transcribing agency AL
041 ## - LANGUAGE CODE
Language code of text/sound track or separate title Konkani
082 ## - DEWEY DECIMAL CLASSIFICATION NUMBER
Classification number 891.46308 CHIK
100 ## - MAIN ENTRY--PERSONAL NAME
Personal name CHINNA (Kasaragod) Psued Shrinivas Rav
Dates associated with a name ಚಿನ್ನಾ (ಕಾಸರಗೋಡು) ಶ್ರೀನಿವಾಸ್ ರಾವ್
9 (RLIN) 246816
245 ## - TITLE STATEMENT
Title Kannadacho teesa kaniyo
Remainder of title ಕನ್ನಡ ಚೋ ತೀಸ ಕಾಣಿಯೋ
260 ## - PUBLICATION, DISTRIBUTION, ETC.
Place of publication, distribution, etc. Kasaragod
Date of publication, distribution, etc. 2015
300 ## - PHYSICAL DESCRIPTION
Extent xiv,410
Other physical details HB
365 ## - TRADE PRICE
Price amount 300
Currency code Rs
650 ## - SUBJECT ADDED ENTRY--TOPICAL TERM
Topical term or geographic name entry element Konkani Fiction
9 (RLIN) 246817
650 ## - SUBJECT ADDED ENTRY--TOPICAL TERM
Topical term or geographic name entry element Konkani Fiction
9 (RLIN) 246817
906 ## - LOCAL DATA ELEMENT F, LDF (RLIN)
a kaniyo ; Kannadacho ; teesa
942 ## - ADDED ENTRY ELEMENTS (KOHA)
Source of classification or shelving scheme Dewey Decimal Classification
Koha item type Book
Holdings
Withdrawn status Lost status Source of classification or shelving scheme Damaged status Not for loan Collection code Home library Current library Date acquired Source of acquisition Cost, normal purchase price Total Checkouts Full call number Barcode Date last seen Price effective from Koha item type
    Dewey Decimal Classification     Konkani St Aloysius Library St Aloysius Library 02/15/2019 Konkani Language & Cultural Foundation, Mangalore | General Annual 300.00   891.46308 CHIK D04443 07/19/2021 07/19/2021 Donated Books